| 000 | 00889nam a22001937a 4500 | ||
|---|---|---|---|
| 003 | OSt | ||
| 005 | 20260130084354.0 | ||
| 008 | 260130b |||||||| |||| 00| 0 eng d | ||
| 040 |
_aDWCL GS library _cOC |
||
| 082 | _aFic. C581c 1991 | ||
| 100 | _aCleary, Beverly | ||
| 245 |
_astrider _cBeverly Cleary |
||
| 260 |
_aNew York _bHarperColiins Publishers Inc. _cc1991 |
||
| 300 |
_a152 _billustrations _c20cm |
||
| 520 | _aFourteen-year-old Leigh Botts, from Dear Mr. Henshaw, navigates high school, his parents' divorce, and loneliness by adopting a stray dog named Strider with his friend, Barry. Through caring for the dog, joining the track team, and writing in his diary, Leigh gains confidence, finds friendship, and accepts his changing life. | ||
| 546 | _aEnglish | ||
| 700 | _aBeverly Cleary | ||
| 942 |
_2ddc _cFIC. _hFic. C581c 1991 _n0 |
||
| 999 |
_c8049 _d8049 |
||